[Event "Auburn Hills op"]
[Site "Auburn Hills"]
[Date "2003.04.27"]
[Round "5"]
[White "Mandell, Sheldon"]
[Black "Paul, Dennis B"]
[Result "1-0"]
[WhiteElo "1301"]
[BlackElo "1294"]
[PlyCount "29"]
[EventDate "2003.04.26"]
[EventType "swiss"]
[EventRounds "5"]
[EventCountry "USA"]
[SourceTitle "EXT 2007"]
[Source "ChessBase"]
[SourceDate "2006.11.23"]
[SourceVersion "1"]
[SourceVersionDate "2006.11.23"]
[SourceQuality "1"]

1. d4 d5 2. Nf3 Bf5 3. Bf4 Nc6 4. e3 Nb4 5. Na3 a6 6. c3 Nc6 7. b4 Nf6 8. b5 axb5 9. Nxb5 Na5 10. Nxc7+ Kd7 11. Bb5+ Nc6 12. Ne5+ Kc8 13. Nxf7 Qd7 14. Nxa8 Rg8 15. Nb6# 1-0

[Event "Southend op"]
[Site "London"]
[Date "1998.04.12"]
[Round "5"]
[White "Paul, Dennis B"]
[Black "Wren, Michael E"]
[Result "0-1"]
[WhiteElo "1688"]
[BlackElo "1560"]
[PlyCount "58"]
[EventDate "1998.04.10"]
[EventType "swiss"]
[EventRounds "7"]
[EventCountry "ENG"]
[SourceTitle "EXT 2001"]
[Source "ChessBase"]
[SourceDate "2000.11.22"]
[SourceVersion "1"]
[SourceVersionDate "2000.11.22"]
[SourceQuality "1"]

1. c4 Nf6 2. Nc3 g6 3. g3 Bg7 4. Bg2 0-0 5. d4 d6 6. e4 e5 7. d5 Na6 8. f3 Bd7 9. Be3 b6 10. Nh3 Ne8 11. Qd2 f5 12. 0-0 Nf6 13. Nf2 Qe7 14. Rac1 Kh8 15. a3 Nc5 16. b4 Nb3 17. Qc2 Nxc1 18. Qxc1 a6 19. Nd3 fxe4 20. Nxe4 Nxe4 21. fxe4 Rxf1+ 22. Bxf1 Rf8 23. c5 Bb5 24. cxb6 cxb6 25. Bxb6 Qf7 26. Qd1 Qxf1+ 27. Qxf1 Rxf1+ 28. Kxf1 Bxd3+ 29. Ke1 Bxe4 0-1

[Event "Southend op"]
[Site "London"]
[Date "1998.04.11"]
[Round "3"]
[White "Paul, Dennis B"]
[Black "Gamble, Raymond J"]
[Result "1/2-1/2"]
[WhiteElo "1688"]
[BlackElo "1936"]
[PlyCount "79"]
[EventDate "1998.04.10"]
[EventType "swiss"]
[EventRounds "7"]
[EventCountry "ENG"]
[SourceTitle "EXT 2001"]
[Source "ChessBase"]
[SourceDate "2000.11.22"]
[SourceVersion "1"]
[SourceVersionDate "2000.11.22"]
[SourceQuality "1"]

1. c4 e6 2. Nc3 d5 3. d4 Nf6 4. Nf3 c6 5. e3 Nbd7 6. Bd3 dxc4 7. Bxc4 b5 8. Bd3 b4 9. Na4 Bd6 10. b3 Qe7 11. Bb2 e5 12. dxe5 Nxe5 13. Nxe5 Bxe5 14. Qc2 0-0 15. a3 Rd8 16. axb4 Bxb2 17. Nxb2 Qxb4+ 18. Ke2 Qg4+ 19. Kf1 Bb7 20. Qe2 Qb4 21. Qc2 a5 22. Nc4 Qc5 23. h4 h6 24. Rc1 Nd5 25. Be2 Qb4 26. Bd3 Nb6 27. Nxb6 Qxb6 28. Bc4 Ba6 29. g4 Bxc4+ 30. Qxc4 Rab8 31. Ke2 Qxb3 32. Qxb3 Rxb3 33. Rxc6 Rb2+ 34. Kf3 Rdd2 35. Rf1 a4 36. Ra6 Ra2 37. g5 h5 38. Ra7 a3 39. Ra8+ Kh7 40. Ra7 1/2-1/2

[Event "Southend op"]
[Site "London"]
[Date "1998.04.11"]
[Round "4"]
[White "Spence, David"]
[Black "Paul, Dennis B"]
[Result "1-0"]
[WhiteElo "2000"]
[BlackElo "1688"]
[PlyCount "51"]
[EventDate "1998.04.10"]
[EventType "swiss"]
[EventRounds "7"]
[EventCountry "ENG"]
[SourceTitle "EXT 2001"]
[Source "ChessBase"]
[SourceDate "2000.11.22"]
[SourceVersion "1"]
[SourceVersionDate "2000.11.22"]
[SourceQuality "1"]

1. e4 c5 2. c3 d5 3. exd5 Qxd5 4. d4 e6 5. Nf3 Nc6 6. Be2 cxd4 7. cxd4 Nf6 8. 0-0 Be7 9. Nc3 Qd8 10. Be3 0-0 11. Ne5 Nb4 12. Rc1 Nbd5 13. Qb3 Qb6 14. Nxd5 Nxd5 15. Qc2 Rd8 16. Bd3 h6 17. Bh7+ Kf8 18. Be4 Nxe3 19. fxe3 Bf6 20. Qc7 Qxc7 21. Rxc7 Bxe5 22. Rfxf7+ Kg8 23. dxe5 Rd1+ 24. Kf2 Rd2+ 25. Kg3 Rxb2 26. Rxg7+ 1-0